=LDR 00000nam 2200000 4500 =001 INLIS000000000046345 =005 20230814121725 =035 ##$$a 0010-031500000000117 =008 230814################g##########0#ind## =020 ##$$a 978-979-769-308-4 =082 ##$$a 338.09 =090 ##$$a 338.09 Muh e =100 ##$$a MUHAMMAD TEGUH =245 1#$$a Ekonomi Industri /$c MUHAMMAD TEGUH =260 ##$$a Jakarta :$b RajaGrafindo Persada,$c 2013 =300 ##$$a xvi, 258 hlm ; $c 21x14 cm =850 ##$$aNBPNMAT =084 ##$$a 338.09 MUH e =250 ##$$a cet.1, ed. 3 =650 #4$$a Industri =990 ##$$a 21302624 =990 ##$$a 0001/BPAP-NTB/2016 =990 ##$$a 21302625 =990 ##$$a 0001/BPAP-NTB/2016 =990 ##$$a 21302626 =990 ##$$a 06160616 =990 ##$$a 5202003791 =990 ##$$a 21302624 =990 ##$$a 0001/BPAP-NTB/2016 =990 ##$$a 21302625 =990 ##$$a 0001/BPAP-NTB/2016 =990 ##$$a 21302626